Statistics for Madden 20 Ratings (Top 50)

Click here to take the quiz!

General Stats

  • This quiz has been taken 147 times
  • The average score is 22 of 50

Answer Stats

OVRAnswer% Correct
99Patrick Mahomes II
97%
94Tom Brady
93%
99Aaron Donald
81%
93Lamar Jackson
77%
97Julio Jones
74%
99Michael Thomas
70%
93Earl Thomas III
68%
98DeAndre Hopkins
66%
96Drew Brees
66%
96Travis Kelce
65%
94Jason Kelce
64%
99Christian McCaffrey
62%
93Davante Adams
62%
92Jamal Adams
61%
97Russell Wilson
61%
95Harrison Smith
55%
95Tyreek Hill
55%
98Bobby Wagner
54%
97J.J. Watt
53%
98Stephon Gilmore
53%
98Khalil Mack
52%
92Ezekiel Elliott
49%
94Jalen Ramsey
48%
96Von Miller
47%
96George Kittle
45%
92Keenan Allen
45%
94Stefon Diggs
45%
91Joey Bosa
40%
92Mike Evans
39%
91Amari Cooper
38%
93Nick Chubb
36%
91Dalvin Cook
34%
95Richard Sherman
34%
97Zack Martin
31%
92Trent Williams
30%
93Myles Garrett
26%
96Luke Kuechly
25%
94Quenton Nelson
23%
95Fletcher Cox
22%
92Cameron Jordan
21%
95Calais Campbell
17%
97David Bakhtiari
14%
92Devin McCourty
12%
93Rodney Hudson
10%
94Terron Armstead
10%
91Kevin Byard
8%
93Mitchell Schwartz
7%
92David DeCastro
4%
93Brandon Brooks
3%
92Michael Pierce
1%

Score Distribution

Percentile by Number Answered

Percent of People with Each Score

Your Score History

You have not taken this quiz